000 00761cab a2200253 4500
001 ABS46511
008 090401t1992 xxu||||| |||| 00| 0 eng d
035 _a(Sirsi) u58612
041 _aeng
100 _aRushton, T.
245 _aTypical defects of mosaic tiling
260 _c1992
350 _a0
490 _aCS Monthly
_bthe Building Surveyor
_v1(9) June 1992, 6-7(2)
520 _aLists the principal faults and causes of deterioration, offering in conclusion the likely costs of remedial work.
650 _aBUILT ENVIRONMENT-BUILDING MATERIALS
650 _aDEFECTS
650 _aMOSAIC TILING
650 _aREPAIR METHODS
650 _aTESSERAE
690 _aBUILT ENVIRONMENT-BUILDING PATHOLOGY
942 _n0
948 _c04/03/1997
999 _c35820
_d35820